এক মুক্তিসেনার আত্নকথন / (Record no. 45399)
[ view plain ]
| 000 -LEADER | |
|---|---|
| fixed length control field | 01261nam a2200265 a 4500 |
| 001 - CONTROL NUMBER | |
| control field | 45399 |
| 003 - CONTROL NUMBER IDENTIFIER | |
| rucl marc code | BD-RjUL |
| 005 - DATE AND TIME OF LATEST TRANSACTION | |
| control field | 20211209054015.0 |
| 008 - FIXED-LENGTH DATA ELEMENTS--GENERAL INFORMATION | |
| fixed length control field | 160725s2010 bg o|||e |||| 00| 0 ben d |
| 020 ## - INTERNATIONAL STANDARD BOOK NUMBER | |
| International Standard Book Number | 9845695075 |
| Terms of availability | : Tk.125.00 |
| 035 ## - SYSTEM CONTROL NUMBER | |
| System control number | (BD-RjUL)45517 |
| 040 ## - CATALOGING SOURCE | |
| Original cataloging agency | BD-RjUL |
| Language of cataloging | ben |
| Transcribing agency | BD-RjUL |
| 041 ## - LANGUAGE CODE | |
| Language code of text/sound track or separate title | ben |
| 082 ## - DEWEY DECIMAL CLASSIFICATION NUMBER | |
| Edition number | 23 |
| Classification number | B 954.9205 |
| Author mark and year | BHE 2010 |
| 100 ## - MAIN ENTRY--PERSONAL NAME | |
| Personal name | ভূইয়া, আবদুর রহমান |
| 9 (RLIN) | 138999 |
| 245 10 - TITLE STATEMENT | |
| Title | এক মুক্তিসেনার আত্নকথন / |
| Statement of responsibility, etc. | আবদুর রহমান ভূইয়া ; অনুলেখন সুলতান মাহমুদ ভূইয়া |
| 260 ## - PUBLICATION, DISTRIBUTION, ETC. (IMPRINT) | |
| Place of publication, distribution, etc. | ঢাকা : |
| Name of publisher, distributor, etc. | আজকাল প্রকাশনী, |
| Date of publication, distribution, etc. | ২০১০ |
| 300 ## - PHYSICAL DESCRIPTION | |
| Pagination | ৮৮, [৪] পৃ.: |
| Illustrations | চিত্র; |
| Size | ২২ সেমি. |
| 600 ## - SUBJECT ADDED ENTRY--PERSONAL NAME | |
| Personal name | ভূইয়া, আবদুর রহমান |
| General subdivision | আত্নজীবনী |
| Personal name | Bhuiyan, Abdur Rahman |
| General subdivision | Autobiography |
| 650 ## - SUBJECT ADDED ENTRY--TOPICAL TERM | |
| Topical term or geographic name as entry element | বাংলাদেশ |
| General subdivision | মুক্তিযুদ্ধ |
| Form subdivision | ইতিহাস |
| 9 (RLIN) | 120080 |
| Topical term or geographic name as entry element | Bangladesh |
| General subdivision | Liberation War |
| Form subdivision | History |
| 9 (RLIN) | 120081 |
| 700 ## - ADDED ENTRY--PERSONAL NAME | |
| Personal name | ভূইয়া, সুলতান মাহমুদ, অনুলেখক |
| 942 ## - ADDED ENTRY ELEMENTS (KOHA) | |
| Source of classification or shelving scheme | Dewey Decimal Classification |
| Koha item type | Books |
| Lost status | Source of classification or shelving scheme | Damaged status | Not for loan | Collection code | Permanent Location | Current Location | Shelving location | Date acquired | Source of acquisition | Cost, normal purchase price | Total Checkouts | Full call number | Date last seen | Copy number | Koha item type |
|---|---|---|---|---|---|---|---|---|---|---|---|---|---|---|---|
| Dewey Decimal Classification | Non-fiction | Central Library, University of Rajshahi | Central Library, University of Rajshahi | 14/05/2016 | Dhaka, Bhuiyan Enterprises | 100.00 | B 954.9205 BHE 2010 | 26/07/2016 | C-1 | Books | |||||
| Dewey Decimal Classification | Non-fiction | Central Library, University of Rajshahi | Central Library, University of Rajshahi | 14/05/2016 | Dhaka, Bhuiyan Enterprises | 100.00 | B 954.9205 BHE 2010 | 26/07/2016 | C-2 | Books | |||||
| Dewey Decimal Classification | Non-fiction | Central Library, University of Rajshahi | Central Library, University of Rajshahi | 14/05/2016 | Dhaka, Bhuiyan Enterprises | 100.00 | B 954.9205 BHE 2010 | 26/07/2016 | C-3 | Books |